Billboard Hot 100 No. 1 Songs (2000s) - Statistics

General Stats
  • This quiz has been taken 81 times
  • The average score is 84 of 129
Answer Stats
Year Song Weeks at No. 1 Answer % Correct
2001 "Lady Marmalade" 5 Christina Aguilera, Lil' Kim, Mya and Pink
100%
2007 "Give It to Me" 2 Timbaland feat. Nelly Furtado & Justin Timberlake
100%
2008 "Live Your Life" 6 T.I. feat. Rihanna
99%
2003 "Baby Boy" 9 Beyoncé feat. Sean Paul
97%
2009 "Crack a Bottle" 1 Eminem, Dr. Dre & 50 Cent
97%
2006 "SexyBack" 7 Justin Timberlake
97%
2007 "What Goes Around...Comes Around" 1 Justin Timberlake
97%
2006 "My Love" 3 Justin Timberlake feat. T.I.
97%
2006 "Irreplaceable" 10 Beyoncé
96%
2008 "Single Ladies (Put a Ring on It)" 4 Beyoncé
96%
2003 "Crazy in Love" 8 Beyoncé feat. Jay-Z
96%
2006 "Check on It" 5 Beyoncé feat. Slim Thug
96%
2006 "SOS" 3 Rihanna
96%
2008 "Take a Bow" 1 Rihanna
96%
2008 "Disturbia" 2 Rihanna
96%
2006 "Hips Don't Lie" 2 Shakira feat. Wyclef Jean
96%
2003 "In da Club" 9 50 Cent
94%
2003 "21 Questions" 4 50 Cent feat. Nate Dogg
94%
2001 "Ms. Jackson" 1 OutKast
94%
2003 "Hey Ya!" 9 OutKast
94%
2004 "The Way You Move" 1 OutKast feat. Sleepy Brown
94%
2007 "Umbrella" 7 Rihanna feat. Jay-Z
94%
2004 "My Boo" 6 Usher & Alicia Keys
94%
2005 "Candy Shop" 9 50 Cent feat. Olivia
93%
2002 "Lose Yourself" 12 Eminem
93%
2009 "Down" 2 Jay Sean feat. Lil Wayne
93%
2009 "Poker Face" 1 Lady Gaga
93%
2009 "Just Dance" 3 Lady Gaga feat. Colby O'Donis
93%
2009 "Empire State of Mind" 5 Jay-Z & Alicia Keys
91%
2003 "All I Have" 4 Jennifer Lopez feat. LL Cool J
91%
2007 "Stronger" 1 Kanye West
91%
2009 "Boom Boom Pow" 12 The Black Eyed Peas
91%
2009 "I Gotta Feeling" 14 The Black Eyed Peas
91%
2008 "Viva la Vida" 1 Coldplay
89%
2007 "Glamorous" 2 Fergie feat. Ludacris
89%
2008 "I Kissed a Girl" 7 Katy Perry
87%
2001 "U Remind Me" 4 Usher
87%
2001 "U Got It Bad" 5 Usher
87%
2004 "Burn" 8 Usher
87%
2004 "Confessions Part II" 2 Usher
87%
2004 "Yeah!" 12 Usher feat. Lil Jon & Ludacris
87%
2008 "Love in This Club" 3 Usher feat. Young Jeezy
87%
2001 "Fallin" 6 Alicia Keys
86%
2007 "No One" 5 Alicia Keys
86%
2006 "London Bridge" 3 Fergie
84%
2007 "Big Girls Don't Cry" 1 Fergie
84%
2002 "Dilemma" 10 Nelly feat. Kelly Rowland
83%
2002 "Hot in Herre" 7 Nelly
81%
2006 "Grillz" 2 Nelly feat. Paul Wall and Ali & Gipp
81%
2003 "Shake Ya Tailfeather" 4 Nelly, P. Diddy and Murphy Lee
81%
2008 "Whatever You Like" 7 T.I.
81%
2000 "Say My Name" 3 Destiny's Child
79%
2000 "Independent Women" 11 Destiny's Child
79%
2001 "Bootylicious" 2 Destiny's Child
79%
2008 "Low" 10 Flo Rida feat. T-Pain
79%
2005 "Hollaback Girl" 4 Gwen Stefani
79%
2006 "I Wanna Love You" 2 Akon feat. Snoop Dogg
74%
2005 "Run It!" 5 Chris Brown feat. Juelz Santana
74%
2007 "Say It Right" 1 Nelly Furtado
74%
2006 "Promiscuous" 6 Nelly Furtado feat. Timbaland
74%
2007 "Girlfriend" 1 Avril Lavigne
73%
2008 "So What" 1 Pink
73%
2005 "Gold Digger" 10 Kanye West feat. Jamie Foxx
71%
2005 "We Belong Together" 14 Mariah Carey
71%
2005 "Don't Forget About Us" 2 Mariah Carey
71%
2008 "Touch My Body" 2 Mariah Carey
71%
2004 "Drop It Like It's Hot" 3 Snoop Dogg feat. Pharrell
71%
2004 "Slow Jamz" 1 Twista feat. Kanye West & Jamie Foxx
71%
2009 "Right Round" 6 Flo Rida feat. Kesha
69%
2000 "Smooth" 2 Santana feat. Rob Thomas
69%
2001 "Angel" 1 Shaggy feat. Rayvon
69%
2001 "It Wasn't Me" 2 Shaggy feat. Ricardo Ducent
69%
2000 "What a Girl Wants" 2 Christina Aguilera
67%
2000 "Come On Over Baby (All I Want Is You)" 4 Christina Aguilera
67%
2002 "A Moment Like This" 2 Kelly Clarkson
67%
2009 "My Life Would Suck Without You" 2 Kelly Clarkson
67%
2000 "It's Gonna Be Me" 2 NSYNC
66%
2000 "Maria Maria" 10 Santana feat. The Product G&B
66%
2007 "Crank That (Soulja Boy)" 7 Soulja Boy Tell 'Em
66%
2000 "Thank God I Found You" 1 Mariah Carey feat. Joe & 98 Degrees
64%
2001 "How You Remind Me" 4 Nickelback
61%
2009 "Fireflies" 2 Owl City
59%
2008 "Lollipop" 5 Lil Wayne feat. Static Major
57%
2009 "3" 1 Britney Spears
56%
2000 "Music" 4 Madonna
54%
2001 "I'm Real (Murder Remix)" 5 Jennifer Lopez feat. Ja Rule
53%
2007 "Hey There Delilah" 2 Plain White T's
53%
2002 "Ain't It Funny (Murder Remix)" 6 Jennifer Lopez feat. Ja Rule
51%
2008 "Bleeding Love" 3 Leona Lewis
51%
2006 "Bad Day" 5 Daniel Powter
50%
2001 "Family Affair" 6 Mary J. Blige
50%
2007 "Beautiful Girls" 4 Sean Kingston
50%
2003 "Get Busy" 3 Sean Paul
50%
2006 "Temperature" 1 Sean Paul
50%
2006 "You're Beautiful" 1 James Blunt
49%
2007 "Kiss Kiss" 3 Chris Brown feat. T-Pain
47%
2009 "Whatcha Say" 1 Jason Derulo
44%
2006 "So Sick" 2 Ne-Yo
44%
2005 "Let Me Love You" 9 Mario
40%
2007 "Buy U a Drank (Shawty Snappin')" 1 T-Pain feat. Yung Joc
39%
2007 "Don't Matter" 2 Akon
36%
2007 "Makes Me Wonder" 3 Maroon 5
36%
2002 "Foolish" 10 Ashanti
34%
2000 "With Arms Wide Open" 1 Creed
34%
2002 "Always on Time" 2 Ja Rule feat. Ashanti
34%
2006 "Money Maker" 2 Ludacris feat. Pharrell
33%
2000 "Doesn't Really Matter" 3 Janet Jackson
31%
2001 "All for You" 7 Janet Jackson
31%
2000 "Try Again" 1 Aaliyah
29%
2003 "Stand Up" 1 Ludacris feat. Shawnna
29%
2003 "Bump, Bump, Bump" 1 B2K feat. P. Diddy
27%
2004 "Goodies" 7 Ciara feat. Petey Pablo
27%
2000 "Amazed" 2 Lonestar
26%
2006 "Ridin" 2 Chamillionaire feat. Krayzie Bone
23%
2000 "Bent" 1 Matchbox Twenty
23%
2001 "Butterfly" 2 Crazy Town
21%
2001 "Stutter" 4 Joe feat. Mystikal
20%
2005 "Inside Your Heaven" 1 Carrie Underwood
19%
2000 "I Knew I Loved You" 4 Savage Garden
19%
2004 "Slow Motion" 2 Juvenile feat. Soulja Slim
11%
2000 "Incomplete" 2 Sisqó
11%
2004 "Lean Back" 3 Terror Squad
11%
2000 "Be with You" 3 Enrique Iglesias
10%
2006 "Do I Make You Proud" 1 Taylor Hicks
9%
2000 "Everything You Want" 1 Vertical Horizon
9%
2007 "This Is Why I'm Hot" 2 Mims
7%
2004 "I Believe" 1 Fantasia
6%
2003 "This Is the Night" 2 Clay Aiken
4%
2006 "Laffy Taffy" 1 D4L
3%
No matching quizzes found
Score Distribution
Percent of People with Each Score
Percentile by Number Answered
Your Score History
You have not taken this quiz